इसे छोड़कर सामग्री पर बढ़ने के लिए
Inicio
Centros participantes
Catálogo
Servicios
Contacto
लॉग इन करें
English
Deutsch
Español
Français
Italiano
日本語
Nederlands
Português
Português (Brasil)
中文(简体)
中文(繁體)
Türkçe
עברית
Gaeilge
Cymraeg
Ελληνικά
Català
Euskara
Русский
Čeština
Suomi
Svenska
polski
Dansk
slovenščina
اللغة العربية
বাংলা
Galego
Tiếng Việt
Hrvatski
हिंदी
Հայերէն
Українська
Sámegiella
भाषा
सभी फ़ील्ड्स
शीर्षक
लेखक
विषय
बोधानक
आईएसबीएन / आईएसएसएन
टैग
खोज
उन्नत
Campesinado y agricultura en A...
इसे उद्धृत करें
इसे ईमेल करें
प्रिंट
निर्यात रिकॉर्ड
को निर्यात RefWorks
को निर्यात EndNoteWeb
को निर्यात EndNote
सूची में सहेजें
स्थायी लिंक
पहली रेटिंग जोड़ें
Campesinado y agricultura en América Latina
में बचाया:
ग्रंथसूची विवरण
मुख्य लेखक:
Menéndez, Iván
स्वरूप:
मूलपाठ
प्रकाशित:
s.l.:
s.e.
टैग:
टैग जोड़ें
कोई टैग नहीं, इस रिकॉर्ड को टैग करने वाले पहले व्यक्ति बनें!
होल्डिंग्स
विवरण
टिप्पणियाँ
समान संसाधन
स्टाफ के लिए
MARC
LEADER
00000 a a2200000 04500
001
25201
003
040
090
|a
180200
100
|a
Menéndez, Iván
245
|a
Campesinado y agricultura en América Latina
260
|a
s.l.:
|b
s.e.
300
|a
9 p.
999
|c
5419
|d
5419
समान संसाधन
Condicionantes del desarrollo de la democracia en América Latina: el papel de la mujer indígena
द्वारा: Buxó I Rey, María Jesús
Lo político y lo social: bifurcación o síntesis en la crisis
द्वारा: Calderón Gutiérrez, Fernando
Teoría y práctica de la política exterior latinoamericana /
द्वारा: Drekonja, Gerhard
Nota sobre las tendencias del empleo y los salarios
द्वारा: Román, Ignacio
Incidencia de los factores socioeconómicos en el rendimiento escolar de los alumnos de enseñanza media ciéntifico humanista de los liceos fiscales en tres comunas seleccionadas de Santiago: notas de investigación